000 00807nam a2200265 a 4500
999 _c1527
_d1527
001 012150107
003 UkOxU
005 20210628105815.0
008 961017s1996 cau 000 0 eng d
016 _a700=NOTNAL
020 _a0201886367
040 _aOX/U-1
_cALUPE UNIVERSITY
050 _aQA76.8
_b.M3M273 1996
092 _aD0504389866
245 0 4 _aThe Macintosh bible /
_cedited by Jeremy Judson ... [et al.]
250 _a6th ed
260 _aBerkeley :
_bPeachpit Press,
_cc1996
300 _axvi, 991 p. :
_bill. ;
_c24 cm
650 0 _aMacintosh (Computer)
700 1 _aJudson, Jeremy.
942 _2lcc
_cBK
_nJE